| 000 | 00350nam a2200145Ia 4500 | ||
|---|---|---|---|
| 005 | 20250402003733.0 | ||
| 008 | 240331s9999 xx 000 0 und d | ||
| 082 |
_bVAA _a894 |
||
| 100 | _aVaasanthi, | ||
| 245 | 0 | _aVerkalaith thedi | |
| 260 |
_aChennai _bVanthi Pathippagam _c1992 |
||
| 300 | _a182 p ., | ||
| 650 | _aPengal Sarntha Navel | ||
| 942 | _cL | ||
| 999 |
_c4299 _d4299 |
||